| 000 | 00394cam a2200157ua 4500 | ||
|---|---|---|---|
| 003 | OSt | ||
| 008 | 241223b |||||||| |||| 00| 0 eng d | ||
| 041 | _aeng | ||
| 082 |
_a621.3133 _bCAZ/AC |
||
| 100 |
_aCazaly, W.H. _96554 |
||
| 245 | _aAC /DC test meters / | ||
| 260 |
_aLondon : _bSir Isaac Pitman & Sons Ltd , _c1951. |
||
| 300 | _a180 ; . | ||
| 700 | 1 |
_aRoddas, Thomas. _96555 |
|
| 942 | _cBK | ||
| 999 |
_c1420 _d1420 |
||